| 000 | 00786cam9a220027700 4500 | ||
|---|---|---|---|
| 001 | lce00134571 | ||
| 008 | 770706s1977 ohua b 001 0 eng | ||
| 010 | _a 76044999 | ||
| 020 |
_c _13.95 |
||
| 035 | _a(Sirsi) r46672 | ||
| 035 | _a(DLC) 76044999 | ||
| 035 | _a(UPRA)lce00134571 | ||
| 040 | _dUPRA | ||
| 050 | 0 |
_aHF5549.5.M63 _bC48 |
|
| 082 | _a658.31/4 | ||
| 100 | 1 |
_aChung, Kae H. _6A4611.1 |
|
| 245 | 1 | 0 |
_aMotivational theories and practices / _cKae H. Chung. |
| 260 |
_aColumbus, OH : _bGrid, _cc1977. |
||
| 490 | 0 |
_aGrid series in management _6S2062.1 |
|
| 500 | _aIncludes index. | ||
| 504 | _aBibliography: p. 283-320. | ||
| 650 | 0 |
_aEmployee motivation. _6S2647.1 |
|
| 949 |
_aHF5549.5.M63 _wlcc _mMAIN _tBOOK _lON-SHELF |
||
| 004 | 46672 | ||
| 987 | _aWITHDRAWN | ||
| 999 |
_c59613 _d59613 |
||